Schauspieler Quiz IV - Statistiken

Allgemein
  • Dieses Quiz wurde 117 mal gespielt
  • Das Durchschnittsergebnis liegt bei 6 aus 16
Antwortstatistiken
Bildquiz Antwort % Korrekt
Robin Williams
77%
Denzel Washington
76%
Kate Winslet
60%
Al Pacino
54%
Dustin Hoffman
44%
Freddie Mercury
41%
Natalie Portman
39%
Romy Schneider
39%
Lucy Liu
27%
Drew Barrymore
22%
Amanda Seyfried
21%
James Stewart
21%
Helen Hunt
19%
Greta Garbo
17%
Spencer Tracy
16%
Sidney Portier
8%
Keine übereinstimmenden Quizze gefunden
Verteilung der Resultate
Anzahl Personen mit jedem Resultat
Perzentil nach korrekt beantworteten Fragen
Ihre Resultats-Entwicklung
Sie haben dieses Quiz noch nicht gespielt